Miasta na trasie drogi krajowej nr 5 - Statystyki

Ogólne statystyki
  • Ten quiz został rozwiązany 16 razy
  • Średni wynik to 18 z 25
Statystyki odpowiedzi
Odpowiedź % Poprawnych
Bydgoszcz
100%
Gniezno
100%
Poznań
100%
Wrocław
91%
Żnin
91%
Jelenia Góra
82%
Kościan
82%
Leszno
82%
Świecie
82%
Bolków
73%
Luboń
73%
Stęszew
73%
Szubin
73%
Trzebnica
73%
Rawicz
64%
Strzegom
64%
Szklarska Poręba
64%
Żmigród
64%
Bojanowo
55%
Czempiń
55%
Kostrzyn
55%
Piechowice
55%
Śmigiel
55%
Kąty Wrocławskie
36%
Prusice
36%
Nie znaleziono quizów pasujących do podanych kryteriów
Rozkład punktacji
Procent ludzi z każdym wynikiem
Percentyl według liczby udzielonych odpowiedzi
Twoja historia wyników
Nie rozwiązałeś tego quizu